Pump hand book / (Record no. 5420)
[ view plain ]
| 000 -LEADER | |
|---|---|
| fixed length control field | 00496cam a2200193ua 4500 |
| 020 ## - INTERNATIONAL STANDARD BOOK NUMBER | |
| ISBN | 0 07 033302 5 |
| 041 ## - LANGUAGE CODE | |
| Language code of text/sound track or separate title | eng |
| 082 ## - DEWEY DECIMAL CLASSIFICATION NUMBER | |
| Classification number | 028.71621 |
| Item number | KAR/PD |
| 100 ## - MAIN ENTRY--AUTHOR NAME | |
| Personal name | Karassik, Igor J . |
| 245 ## - TITLE STATEMENT | |
| Title | Pump hand book / |
| 250 ## - EDITION STATEMENT | |
| Edition statement | 2 / |
| 260 ## - PUBLICATION, DISTRIBUTION, ETC. (IMPRINT) | |
| Place of publication | New York : |
| Name of publisher | McGraw Hill Book Company , |
| Year of publication | 1985. |
| 300 ## - PHYSICAL DESCRIPTION | |
| Number of Pages | ; . |
| 700 1# - ADDED ENTRY--PERSONAL NAME | |
| Personal name | Frazer, Warren H . |
| 700 1# - ADDED ENTRY--PERSONAL NAME | |
| Personal name | Krutzsch, William C . |
| 942 ## - ADDED ENTRY ELEMENTS (KOHA) | |
| Koha item type | Books |
| Withdrawn status | Lost status | Damaged status | Home library | Current library | Date acquired | Full call number | Accession Number | Koha item type |
|---|---|---|---|---|---|---|---|---|
| KAUAET | 07/04/2012 | 028.71621 | 17651 | Books |
